| 000 | 00570nam a22001937a 4500 | ||
|---|---|---|---|
| 003 | Ost | ||
| 005 | 20221028172612.0 | ||
| 008 | 221028b |||||||| |||| 00| 0 eng d | ||
| 020 | _aNA | ||
| 040 | _cBT-PhCST | ||
| 050 | _aJ00313 | ||
| 082 |
_222 _aA6.8 _bJEO |
||
| 100 | _aJapan Geoscience Union | ||
| 245 |
_aResource geology : _binternational journal for economic geology, geochemistry and environmental geology / |
||
| 260 |
_aJapan, _bThe Society of Resource Geology _cc2017 |
||
| 300 |
_a227 p. : _bill. ; _c27 cm. |
||
| 440 | _vvol. 67, no. 2 | ||
| 942 |
_2ddc _cJRL |
||
| 999 |
_c9392 _d9392 |
||